| 000 | 00356nam a22001337a 4500 | ||
|---|---|---|---|
| 082 |
_a909 _bSOM _cN-04, P-156 |
||
| 100 |
_aToynbee,Arnold J. _96611 |
||
| 245 |
_aA study of history _cToynbee,Arnold J. |
||
| 260 | _bRamzan Printing Press | ||
| 300 | _aviii, 617.p: | ||
| 526 |
_a0 _b0 _c0 _d909_000000000000000_SOM |
||
| 650 |
_aNUST _96342 |
||
| 942 |
_2ddc _cBK |
||
| 999 |
_c546568 _d546568 |
||